Ultimate Stranger Things character quiz - Statistics

General Stats
  • This quiz has been taken 293 times
  • The average score is 31 of 58
Answer Stats
Surname first name % Correct
Henderson Dustin
92%
Mayfield Max
92%
Wheeler Mike
89%
Wheeler Nancy
88%
Hargrove Billy
87%
Eleven Jane
86%
Holland Barb
85%
Wheeler Karen
85%
Byers Will
85%
Byers Jonathan
84%
Byers Joyce
84%
Brenner Martin
84%
Wheeler Ted
84%
Wheeler Holly
83%
Hopper Jim
83%
Sinclair Lucas
83%
Harrington Steve
82%
Sinclair Erica
81%
Bauman Murray
79%
Owens Sam
77%
Dustin's girlfriend Suzie
77%
Newby Bob
75%
Buckley Robin
73%
Hopper Sara
73%
Ives Terry
72%
Byers Lonnie
70%
Holloway Tom
66%
Munson Eddie
64%
Clarke Scott
59%
Henderson Claudia
58%
Steve's Friend Tommy
54%
Ives Becky
53%
Steve's Friend Carol
53%
Holloway Heather
52%
Bullies Troy
52%
Frazier Connie
50%
Hammond Benny
49%
Driscoll Doris
41%
Hargrove Neil
38%
Prasad Eight/Kali
36%
Kline Larry
34%
Hargrove Susan
32%
Bullies James
28%
Dr Alexei
25%
Lowe Bruce
25%
Hitman Grigori
24%
Holland Marsha
18%
Callahan Phil
18%
Hopper Diane
17%
Secretary Florence
17%
Powell Calvin
14%
Melvald Donald
11%
Ballard Peter
7%
Kline Winnie
6%
Coleman Russel
4%
Secretary Candice
3%
Colonel Ozerov
1%
General Stepanov
1%
No matching quizzes found
Score Distribution
Percent of People with Each Score
Percentile by Number Answered
Your Score History
You have not taken this quiz